Có mức tăng trưởng khá nhưng khó khăn vẫn còn nhiều : Kinh tế 9 tháng đầu năm 2002 /

Kinh tế tỉnh Lâm Đồng năm 2002. Tốc độ tăng trưởng kinh tế 9 tháng đầu năm. Dự tháng cuối năm và năm 2003báo kinh tế 3

Uloženo v:
Podrobná bibliografie
Hlavní autor: K. Dũng
Médium: Článek
Jazyk:Vietnamese
Témata:
Tagy: Přidat tag
Žádné tagy, Buďte první, kdo otaguje tento záznam!
Thư viện lưu trữ: Thư viện Trường Đại học Đà Lạt
LEADER 00827nam a2200253 4500
001 DLU020020311
008 ##2002t vn vie d
040 # # |a DLU  |b vie 
041 # # |a vie 
100 # # |a K. Dũng 
245 # # |a Có mức tăng trưởng khá nhưng khó khăn vẫn còn nhiều :  |b Kinh tế 9 tháng đầu năm 2002 /  |c K. Dũng 
520 # # |a Kinh tế tỉnh Lâm Đồng năm 2002. Tốc độ tăng trưởng kinh tế 9 tháng đầu năm. Dự tháng cuối năm và năm 2003báo kinh tế 3  
651 # # |a Lâm Đồng 
653 # # |a Kinh tế 
773 # # |t Lâm Đồng  |g 2002, ngày 8 tháng 10, tr. 3 
933 # # |a 200LD 
994 # # |a DLU 
900 # # |a True 
911 # # |a Phan Ngọc Đông 
925 # # |a G 
926 # # |a A 
927 # # |a BB 
980 # # |a Thư viện Trường Đại học Đà Lạt